01664nam a2200433Ia 4500001001200000003000800012006001900020007001500039008004100054010001700095020004000112020001800152020004300170040002100213035002100234050002400255082001200279100002800291245014900319260006200468300001100530490002300541504006600564533015200630650002800782650003200810650002900842650002800871650002600899650001700925650001500942650002000957650002500977650003201002655002901034710001701063830002401080856012601104ebr10576107CaPaEBRm u cr cn|||||||||071231s2008 pau sb 001 0 eng d z 2007052496 z0812240839 (hardcover : alk. paper) z9780812207415 z9780812240832 (hardcover : alk. paper) aCaPaEBRcCaPaEBR a(OCoLC)80205177314aD16.9b.D295 2008eb04a9012221 aDavis, Kathleen,d1952-10aPeriodization and sovereigntyh[electronic resource] :bhow ideas of feudalism and secularization govern the politics of time /cKathleen Davis. aPhiladelphia :bUniversity of Pennsylvania Press,cc2008. a187 p.1 aMiddle Ages series aIncludes bibliographical references (p. [169]-182) and index. aElectronic reproduction.bPalo Alto, Calif. :cebrary,d2013.nAvailable via World Wide Web.nAccess may be limited to ebrary affiliated libraries. 0aHistoryxPeriodization. 0aHistoryxPolitical aspects. 0aTimexPolitical aspects. 0aCivilization, Medieval. 0aCivilization, Modern. 0aSovereignty. 0aFeudalism. 0aSecularization. 0aHistoryxPhilosophy. 0aHistoriographyxPhilosophy. 7aElectronic books.2local2 aebrary, Inc. 0aMiddle Ages series.40uhttp://site.ebrary.com/lib/rucke/Doc?id=10576107zAn electronic book accessible through the World Wide Web; click to view